La historia económica de Chile, 1830 y 1930 (Registro nro. 12745)

Detalles MARC
000 -LEADER
campo de control de longitud fija 00843nam a2200241 i 4500
001 - NÚMERO DE CONTROL
campo de control 12745
003 - IDENTIFICADOR DE NÚMERO DE CONTROL
campo de control ES-MaACL
005 - FECHA Y HORA DE LA ÚLTIMA TRANSACCIÓN
campo de control 20230906150403.0
007 - CAMPO FIJO DE DESCRIPCIÓN FÍSICA--INFORMACIÓN GENERAL
campo de control de longitud fija t|
008 - DATOS DE LONGITUD FIJA--INFORMACIÓN GENERAL
campo de control de longitud fija 951120s1982 sp b |||| | spa j
020 ## - NÚMERO INTERNACIONAL ESTÁNDAR DEL LIBRO
Número Internacional Estándar del Libro 84-7232-304-8
080 ## - NÚMERO DE LA CLASIFICACIÓN DECIMAL UNIVERSAL
Número de la Clasificación Decimal Universal 338(83)"18/19"
080 ## - NÚMERO DE LA CLASIFICACIÓN DECIMAL UNIVERSAL
Número de la Clasificación Decimal Universal 016:338(83)"18/19"
100 1# - ENTRADA PRINCIPAL--NOMBRE DE PERSONA
Nombre de persona Cariola Sutter, Carmen.
9 (RLIN) 35249
245 13 - MENCIÓN DEL TÍTULO
Título La historia económica de Chile, 1830 y 1930
Resto del título : dos ensayos y una bibliografía /
Mención de responsabilidad, etc. Carmen Cariola Sutter, Osvaldo Sunkel.
260 ## - PUBLICACIÓN, DISTRIBUCIÓN, ETC.
Lugar de publicación, distribución, etc. Madrid :
Nombre del editor, distribuidor, etc. Cultura Hispánica,
Fecha de publicación, distribución, etc. 1982.
300 ## - DESCRIPCIÓN FÍSICA
Extensión 342 p. ;
Dimensiones 24 cm.
651 #4 - PUNTO DE ACCESO ADICIONAL DE MATERIA--NOMBRE GEOGRÁFICO
Nombre geográfico Chile-
Subdivisión general Situación económica-
Subdivisión cronológica S.XIX.
9 (RLIN) 167764
651 #4 - PUNTO DE ACCESO ADICIONAL DE MATERIA--NOMBRE GEOGRÁFICO
Nombre geográfico Chile-
Subdivisión general Situación económica-
Subdivisión cronológica S.XX.
9 (RLIN) 167765
651 #4 - PUNTO DE ACCESO ADICIONAL DE MATERIA--NOMBRE GEOGRÁFICO
Nombre geográfico Chile-
Subdivisión general Situación económica-
Subdivisión cronológica S.XIX-
Subdivisión de forma Bibliografías.
9 (RLIN) 167766
700 1# - ENTRADA AGREGADA--NOMBRE PERSONAL
Nombre de persona Sunkel, Osvaldo.
9 (RLIN) 108786
852 ## - LOCALIZACIÓN
Ubicación ES-MaACL
Número de control de estantería L-20046
Existencias
Estatus retirado Estado de pérdida Estado de daño No para préstamo Biblioteca de origen Biblioteca actual Ubicación en estantería Fecha de adquisición Fuente de adquisición Total de préstamos Signatura topográfica completa Código de barras Visto por última vez Precio de reemplazo Tipo de ítem Koha
        Biblioteca del Ateneo de Madrid Biblioteca del Ateneo de Madrid Depósito 2 17/01/2008     L-20046 1012982 23/02/2023 23/02/2023 Libro impreso